Queen di Drag Race Italia per immagini – S2 - Statistics

Statistiche generali
  • Questo quiz è stato fatto 20 volte
  • Il punteggio medio è 9 su 10
Statistiche sulle risposte
con Immagini Risposta % Corretto
Nehellenia
100%
La Diamond
93%
Aura Eternal
86%
Gioffré
86%
La Petite Noire
86%
Narciso
86%
Obama
86%
Panthera Virus
86%
Skandalove
79%
Tanissa Yoncè
79%
Nessun quiz corrispondente trovato
Distribuzione punteggi
Percentuale di utenti per punteggio
Percentile per numero di risposta
I tuoi punteggi nel tempo
Non hai fatto questo quiz